| 000 | 00516nam a22001457a 4500 | ||
|---|---|---|---|
| 008 | 240129b |||||||| |||| 00| 0 eng d | ||
| 050 |
_aTHE BV 625.25 .T46 2021 _bC. 1 |
||
| 100 | _aTENGEYA, NYAKUNDI ISAAC | ||
| 245 | _aINFLUENCE OF CHURCH LEADERSHIP ON MEMBERSHIP GROWTH: A CASE OF PENTECOSTAL ASSEMBLIES OF GOD KIANUNGU DISTRICT - NYAMIRA COUNTY, KENYA | ||
| 260 |
_aKISII _bKISII UNIVERSITY _c2021 |
||
| 300 | _aXIII, 103P.: ILL. | ||
| 500 | _aINCLUDES INDEX | ||
| 650 | _aRELIGIOUS STUDIES | ||
| 942 |
_2lcc _cBK |
||
| 999 |
_c208806 _d208806 |
||